| 000 | 00606nam a22001697a 4500 | ||
|---|---|---|---|
| 005 | 20251108171740.0 | ||
| 008 | 250721s1984 xx 000 0 ara d | ||
| 082 | 1 | 4 | _aم/811.7/حيو |
| 100 | 1 | _aإبن حيوس، مصطفى الدولة أبو الفتيان | |
| 245 | 1 | 0 |
_aديوان إبن حيوس : _bالأمير مصطفى الدولة أبي الفتيان محمد بن سلطان... / |
| 264 | 1 |
_aبيروت : _bدار صادر، _c1984. |
|
| 300 | _aج1.ج2 | ||
| 650 | 1 | 7 | _aالشعر الفاطمي |
| 700 | 1 |
_aبك، خليل مردم _eمحقق |
|
| 942 |
_2ddc _cREF |
||
| 999 |
_c61530 _d61530 |
||